000 00429nam a2200157 i 4500
001 147004
003 ES-MaACL
005 20230906201750.0
007 t|
008 070920s1951 sp ||||1| spa d
100 1 _aTubau, Iván.
_9111615
245 1 0 _aAlmas tortuosas
_b: novela /
_cIván Tubau.
260 _aBarcelona :
_b[s.n.] (
_fGráf. Marina, S.A)
300 _a198 p. ;
_c17 cm.
852 _aES-MaACL
_jD-5701
_bR.31332
999 _c147004
_d147004